Felizes para sempre (Record no. 16462)
[ view plain ]
| 000 -Etiqueta do registo | |
|---|---|
| Valores | 00782nam a2200229 4500 |
| 010 ## - Número ISBN | |
| ISBN | 9789897100987 |
| 021 ## - Número do Depósito Legal | |
| Número | 373295/14 |
| 100 ## - Dados gerais de processamento | |
| Dados gerais | 20140717d2014 m y0pory50030103ba |
| 200 1# - Titulo e menção de responsabilidade | |
| Título próprio | Felizes para sempre |
| Primeira menção de responsabilidade | Nora Roberts |
| Outras menções de responsabilidade | trad. Isabel C. Penteado |
| 205 ## - Menção da edição | |
| Edição | 1ª ed |
| 210 #9 - Publicação | |
| Local de publicação | S. Pedro do Estoril |
| Nome do editor | Chá das Cinco, |
| Data de publicação | 2014 |
| 215 ## - Descrição física | |
| Paginação / Volumes | 284, [3] p. |
| Dimensões | 23 cm |
| 304 ## - Nota relativa ao título | |
| Texto de nota | Tít. orig.: Happy ever after |
| 327 1# - Nota de conteúdo | |
| Texto da nota | Contém excerto do livro "Mulher solteira procura vingança" de Suzie Miller |
| 675 ## - CDU | |
| Notação | 821.111(73)-31"19/20" |
| Edição | BN |
| Língua | por |
| 700 #1 - Autor principal (pessoa individual) | |
| Apelido | Roberts, |
| Nome | Nora, |
| 702 #1 - Autor secundário (pessoa individual) | |
| Apelido | Penteado, |
| Nome | Isabel C. |
| 801 #0 - Fonte de origem | |
| País | PT |
| Agência | BN |
| Regras de catalogação | RPC |
| 856 41 - Localização e acesso electrónico | |
| URL | <a href="http://rnod.bnportugal.gov.pt/ImagesBN/winlibimg.aspx?skey=&doc=1878982&img=46295&save=true">http://rnod.bnportugal.gov.pt/ImagesBN/winlibimg.aspx?skey=&doc=1878982&img=46295&save=true</a> |
| 990 ## - Elementos KOHA | |
| Tipo de documento | Livro |
| Situação do levantamento | Estado | Biblioteca de origem | Código de barras | Cota | Permissão de empréstimo | Tipo de documento | Forma de aquisição |
|---|---|---|---|---|---|---|---|
| Biblioteca Municipal do Alandroal | 10575/14 | 821.111(73)-31 ROB | Livro | Compra |